000 00529nam a22001817a 4500
005 20251108171233.0
008 250721s1992 xx 000 0 ara d
082 1 4 _aم/415/فار
100 1 _aالفارسي، الحسن بن أحمد ...أبو علي
245 1 0 _aالتعليقة على كتاب سيبويه /
264 _c1992.
300 _aج
490 0 _aمن نوادر المخطوطات
650 1 7 _aاللغة العربية
650 1 7 _aالنحو والصرف
942 _2ddc
_cREF
999 _c60099
_d60099